000 00576nam a22002177a 4500
003 OSt
005 20170322143443.0
008 170322b xxu||||| |||| 00| 0 eng d
020 _a9789812561558
020 _a9812561552
040 _cDDC.
082 _a530.13PLI 2005.
100 _aPlischke,Micheal;Bergersen,Birger;
_911881
245 _aEquilibrium statistical Physics.
250 _a3rd ed.
260 _aNew Jersey:
_bWorld scientific.
_c2005.
300 _axvi,620p;
_bill,
_c23cm.
504 _aincludes index.
650 _aPhysics.
_9809
942 _2ddc
_cO_SHELF
999 _c5710
_d5710